| 000 | 00501nam a2200205Ia 4500 | ||
|---|---|---|---|
| 003 | GCL | ||
| 005 | 20240530095837.0 | ||
| 008 | 140319s9999 xx 000 0 eng d | ||
| 040 |
_aGCL / _cGCL |
||
| 082 | 0 | 4 |
_a155.45 _bH O |
| 100 | 1 | _aHOW E, J.A. | |
| 245 | 1 | 0 |
_aTHE ORIGINS OF EXCEPTIONAL ABILITIES / _cHOW E, J.A. |
| 260 |
_a[S.N] : _bBLACK WELL |
||
| 300 | _a259 P P | ||
| 650 | 0 | 4 | _aINTELLIGENCE |
| 650 | 0 | 4 | _aGIFTED CHIDREN |
| 650 | 0 | 4 | _aABILITIES |
| 700 | 1 | _aMICHAEL | |
| 942 |
_2ddc _cBK |
||
| 999 |
_c11290 _d11290 |
||